Paradaym (Record no. 5030)

MARC details
000 -LEADER
fixed length control field 00718nam a22002057a 4500
003 - CONTROL NUMBER IDENTIFIER
control field OSt
005 - DATE AND TIME OF LATEST TRANSACTION
control field 20251023020439.0
008 - FIXED-LENGTH DATA ELEMENTS--GENERAL INFORMATION
fixed length control field 251023b |||||||| |||| 00| 0 eng d
020 ## - INTERNATIONAL STANDARD BOOK NUMBER
International Standard Book Number 978-971-0508-70-9
040 ## - CATALOGING SOURCE
Original cataloging agency DWC-Main lib.
Transcribing agency OC
082 ## - DEWEY DECIMAL CLASSIFICATION NUMBER
Classification number Fil. 808.042 L192p 2012
100 ## - MAIN ENTRY--PERSONAL NAME
Personal name Lakandupil C. Garcia
245 ## - TITLE STATEMENT
Title Paradaym
Remainder of title : pananaliksik sa wikang Filipino (intelektwalisasyon, disiplina at konsepto)
Statement of responsibility, etc. Lakandupil C. Garcia
260 ## - PUBLICATION, DISTRIBUTION, ETC.
Place of publication, distribution, etc. Malabon City, Phils.
Name of publisher, distributor, etc. : Jimczyville Publications
Date of publication, distribution, etc. , c2012.
300 ## - PHYSICAL DESCRIPTION
Extent vi, 302 pages
Dimensions ; 26 cm.
504 ## - BIBLIOGRAPHY, ETC. NOTE
Bibliography, etc. note Bibliography: pp. 300-302
650 ## - SUBJECT ADDED ENTRY--TOPICAL TERM
Topical term or geographic name entry element Report writing--Filipino.
650 ## - SUBJECT ADDED ENTRY--TOPICAL TERM
Topical term or geographic name entry element 2. Research writing--Filipino.
942 ## - ADDED ENTRY ELEMENTS (KOHA)
Source of classification or shelving scheme Dewey Decimal Classification
Koha item type Book-Filipiniana
Call number prefix Fil.
Suppress in OPAC No
952 ## - LOCATION AND ITEM INFORMATION (KOHA)
--
Holdings
Withdrawn status Lost status Source of classification or shelving scheme Damaged status Not for loan Home library Current library Shelving location Date acquired Source of acquisition Total Checkouts Full call number Barcode Date last seen Price effective from Koha item type Uniform Resource Identifier
    Dewey Decimal Classification     College Library College Library Fiction 08/11/2014 School Fund   Fil. 808.042 L192p 2012 50903 10/23/2025 10/23/2025 BK - FIL